<?xml version="1.0" encoding="UTF-8"?>
<marc:record xmlns:marc="http://www.loc.gov/MARC21/slim">
   <marc:leader>00000nam a2200000 a 4500</marc:leader>
   <marc:datafield ind1="1" ind2=" " tag="100">
      <marc:subfield code="a">Hüther, Gerald</marc:subfield>
      <marc:subfield code="4">aut</marc:subfield>
      <marc:subfield code="e">Verfasser/-in</marc:subfield>
   </marc:datafield>
   <marc:datafield ind1="0" ind2="0" tag="245">
      <marc:subfield code="a">Lieblosigkeit macht krank</marc:subfield>
   </marc:datafield>
   <marc:datafield ind1="0" ind2="0" tag="245">
      <marc:subfield code="b">Was unsere Selbstheilungskräfte stärkt und wie wir endlich gesünder und glücklicher werden</marc:subfield>
   </marc:datafield>
   <marc:datafield ind1="0" ind2="0" tag="245">
      <marc:subfield code="c">Hüther, Gerald</marc:subfield>
   </marc:datafield>
   <marc:datafield ind1=" " ind2="1" tag="264">
      <marc:subfield code="a">Freiburg</marc:subfield>
      <marc:subfield code="b">Verlag Herder</marc:subfield>
      <marc:subfield code="c">2021</marc:subfield>
   </marc:datafield>
   <marc:datafield ind1=" " ind2=" " tag="250">
      <marc:subfield code="a">1. Auflage</marc:subfield>
   </marc:datafield>
   <marc:datafield ind1="1" ind2=" " tag="520">
      <marc:subfield code="a">Angaben aus der Verlagsmeldung &#xD;
&#xD;
 &#xD;
&#xD;
  Lieblosigkeit macht krank : Was unsere Selbstheilungskräfte stärkt und wie wir endlich gesünder und glücklicher werden / von Gerald Hüther, Michael Lehofer &#xD;
&#xD;
 &#xD;
Die Fortschritte der Medizin sind beeindruckend – und doch scheint sich unser allgemeiner Gesundheitszustand nicht nachhaltig zu verbessern. Wie kann das sein? Neurobiologe Gerald Hüther und Psychiater Michael Lehofer zeigen, warum das beste und teuerste der Gesundheitssystem der Welt allein uns nicht heilen kann: Weil Gesundheit untrennbar mit Liebe verwoben ist. Jeder Heilungsprozess, auch wenn er von der modernsten Medizin unterstützt wird, ist immer ein Selbstheilungsprozess des Körpers. Und dieser wird maßgeblich von Empathie und Selbstfürsorge getragen. In einer zunehmend von ökonomischen Zwängen beherrschten Welt, geht uns das Vermögen verloren, liebevoll mit uns selbst und anderen umzugehen. So werden wir immer kränker. Wie wir aus dieser krankmachenden Verirrung herausfinden, zeigt dieses Buch.</marc:subfield>
   </marc:datafield>
   <marc:datafield ind1=" " ind2=" " tag="020">
      <marc:subfield code="a">9783451600999</marc:subfield>
      <marc:subfield code="9">9783451600999</marc:subfield>
   </marc:datafield>
   <marc:datafield ind1=" " ind2=" " tag="020">
      <marc:subfield code="a">3451600994</marc:subfield>
      <marc:subfield code="9">3451600994</marc:subfield>
   </marc:datafield>
   <marc:datafield ind1=" " ind2=" " tag="041">
      <marc:subfield code="a">ger</marc:subfield>
   </marc:datafield>
   <marc:datafield ind1=" " ind2=" " tag="338">
      <marc:subfield code="a">Band</marc:subfield>
   </marc:datafield>
   <marc:datafield ind1=" " ind2=" " tag="300">
      <marc:subfield code="a">172 Seiten</marc:subfield>
   </marc:datafield>
</marc:record>
